[Event "Merida Torre Memorial 34th"]
[Site "Merida"]
[Date "2024.12.16"]
[Round "6"]
[White "Orta Ruz, Andre Fernando"]
[Black "Otero Acosta, Diasmany"]
[Result "1/2-1/2"]
[WhiteElo "2043"]
[BlackElo "2351"]
[PlyCount "93"]
[EventDate "2024.12.13"]
[EventType "swiss"]
[EventRounds "9"]
[EventCountry "MEX"]
[SourceTitle "CB52_2024"]
[SourceDate "2024.12.25"]
[SourceVersion "1"]
[SourceVersionDate "2024.12.25"]
[SourceQuality "1"]

1. d4 Nf6 2. c4 e6 3. Nc3 Bb4 4. e3 0-0 5. Bd2 Re8 6. Nf3 Bf8 7. Bd3 d6 8. 0-0 e5 9. e4 exd4 10. Nxd4 Nbd7 11. Re1 c6 12. h3 g6 13. Nb3 a5 14. Be3 Bg7 15. a4 b6 16. Qc2 Ne5 17. Bf1 Ba6 18. Nd2 Qc7 19. f4 Ned7 20. Nb3 Re7 21. Bd3 Rae8 22. Bf2 Nh5 23. g3 Nc5 24. Nxc5 bxc5 25. Re2 Bc8 26. Kg2 Bd4 27. Qd2 Ng7 28. Bxd4 cxd4 29. Nd1 f5 30. Nf2 c5 31. Rae1 Bb7 32. Kh2 Kf8 33. g4 fxe4 34. Bxe4 d5 35. cxd5 Qd6 36. Nd3 Bxd5 37. Bxd5 Rxe2+ 38. Rxe2 Rxe2+ 39. Qxe2 Qxd5 40. Ne5 Ne6 41. Qa6 g5 42. Qc8+ Kg7 43. Qe8 Nxf4 44. Qe7+ Kg8 45. Qe8+ Kg7 46. Qe7+ Kg8 47. Qe8+ 1/2-1/2

[Event "MEX-ch"]
[Site "Mexico City"]
[Date "2023.11.08"]
[Round "2"]
[White "Avila Rodriguez, Joshua Ad"]
[Black "Orta Ruz, Andre Fernando"]
[Result "1-0"]
[WhiteElo "2212"]
[BlackElo "1738"]
[PlyCount "85"]
[EventDate "2023.11.07"]
[EventType "swiss"]
[EventRounds "9"]
[EventCountry "MEX"]
[SourceTitle "CBM 217 Extra"]
[Source "ChessBase"]
[SourceDate "2024.01.31"]
[SourceVersion "1"]
[SourceVersionDate "2024.01.31"]
[SourceQuality "1"]

1. e4 c5 2. Nf3 d6 3. d4 cxd4 4. Nxd4 Nf6 5. Nc3 Nc6 6. Bg5 e6 7. Qd2 a6 8. 0-0-0 Bd7 9. Kb1 Be7 10. Nxc6 Bxc6 11. f3 b5 12. h4 h6 13. Be3 d5 14. e5 Nd7 15. f4 Qa5 16. Qf2 0-0-0 17. Ne2 Kb7 18. h5 Nb6 19. Nd4 Na4 20. Nb3 Qc7 21. Bd4 Bd7 22. Bd3 Rc8 23. Qg3 Rcg8 24. Qe3 Rc8 25. Rh3 Rhe8 26. Rg3 Bf8 27. Rf1 b4 28. Qe2 Ra8 29. Re3 Rec8 30. f5 a5 31. fxe6 Bxe6 32. Bf5 Ra6 33. Bxe6 Rxe6 34. Qb5+ Nb6 35. Nxa5+ Kb8 36. Re2 g6 37. hxg6 Rxg6 38. Bxb6 Rxb6 39. Qxd5 Rd8 40. Qf3 Ra6 41. Nb3 Qa7 42. Nc1 Rd7 43. e6 1-0